यादों का सफ़र / (Record no. 113299)

MARC details
000 -LEADER
fixed length control field 01094nam a22002777a 4500
003 - CONTROL NUMBER IDENTIFIER
control field dpl
005 - DATE AND TIME OF LATEST TRANSACTION
control field 20190302130052.0
008 - FIXED-LENGTH DATA ELEMENTS--GENERAL INFORMATION
fixed length control field 190302b ||||| |||| 00| 0 eng d
010 ## - LIBRARY OF CONGRESS CONTROL NUMBER
LC control number B-198819
020 ## - INTERNATIONAL STANDARD BOOK NUMBER
Terms of availability 100.00
International Standard Book Number 8188081418
035 ## - SYSTEM CONTROL NUMBER
System control number B-198819, B-198844
037 ## - SOURCE OF ACQUISITION
Source of stock number/acquisition Cen Lib/Ret
040 ## - CATALOGING SOURCE
Original cataloging agency DPL
Language of cataloging HN
Transcribing agency 0
082 ## - DEWEY DECIMAL CLASSIFICATION NUMBER
Classification number 821
Item number मिश्ररा
100 ## - MAIN ENTRY--PERSONAL NAME
Personal name मिश्र, राजेन्द्र
9 (RLIN) 51586
245 ## - TITLE STATEMENT
Title यादों का सफ़र /
Statement of responsibility, etc राजेन्द्र मिश्र
246 ## - VARYING FORM OF TITLE
Title proper/short title Yaadon ka safar /
Remainder of title by Rajendra Mishra
260 ## - PUBLICATION, DISTRIBUTION, ETC. (IMPRINT)
Place of publication, distribution, etc दिल्ली
Name of publisher, distributor, etc दिशा प्रकाशन
Date of publication, distribution, etc 2006
270 ## - ADDRESS
Address 138/16, त्रिनगर
City दिल्ली
Postal code 110035
300 ## - PHYSICAL DESCRIPTION
Extent 87पृ.
Dimensions 21सेमी(सजिल्द)
650 ## - SUBJECT ADDED ENTRY--TOPICAL TERM
Topical term or geographic name as entry element हिंदी साहित्य
9 (RLIN) 51587
650 ## - SUBJECT ADDED ENTRY--TOPICAL TERM
Topical term or geographic name as entry element हिंदी साहित्य -- कविता
9 (RLIN) 51588
650 ## - SUBJECT ADDED ENTRY--TOPICAL TERM
Topical term or geographic name as entry element Hindi literature
9 (RLIN) 51589
650 ## - SUBJECT ADDED ENTRY--TOPICAL TERM
Topical term or geographic name as entry element Hindi literature -- Poetry
9 (RLIN) 51590
942 ## - ADDED ENTRY ELEMENTS (KOHA)
Source of classification or shelving scheme Dewey Decimal Classification
Koha item type Hindi Books
Classification part 821
Call number suffix मिश्ररा
Holdings
Withdrawn status Lost status Damaged status Not for loan Home library Current library Date acquired Source of acquisition Cost, normal purchase price Total Checkouts Full call number Barcode Date last seen Date checked out Copy number Cost, replacement price Price effective from Koha item type Source of classification or shelving scheme Collection code
        Central Library Central Library 12/08/2015 Cen Lib/Ret 100.00 2 821 मिश्ररा B-198819 12/01/2018 03/01/2018 1 100.00 12/08/2015 Hindi Books    
        Shahdara Branch Shahdara Branch 02/03/2019 BPPD/PUB 100.00   821 मिश्ररा B-198844 02/03/2019     100.00 02/03/2019 Hindi Books Dewey Decimal Classification Non-fiction

© Delhi Public Library
Hit Counter
free hit counter